| 000 | 00666nam a2200193 i 4500 | ||
|---|---|---|---|
| 001 | 150761 | ||
| 003 | ES-MaACL | ||
| 005 | 20250802062553.0 | ||
| 007 | t| | ||
| 008 | 071108q19401949sp ||||1| spa d | ||
| 245 | 0 | 0 |
_aEspaña en mi recuerdo _b: selección de 346 textos literarios / _c[selección antológica de textos y fotografías: José Castellano...]. |
| 260 |
_aBarcelona : _bMateu, _c[194-?] |
||
| 300 |
_a431 p., 13 lám. : _bil. ; _c22 cm. |
||
| 650 | 1 | 7 |
_aLiteratura española _2embne _914539 |
| 651 | 4 |
_aEspaña- _xEn la literatura. _98195 |
|
| 700 | 1 |
_aCastellano, José. _936504 |
|
| 852 |
_aES-MaACL _jC-11304 _bR.39410 |
||
| 999 |
_c150761 _d150761 |
||